Extinct or Dead Languages of Europe - Statistics

General Stats
  • This quiz has been taken 1,009 times
    944 since last reset
  • The average score is 18 of 78
Answer Stats
Answer % Correct
Latin
91%
Gothic
56%
Gaulish
52%
Norse
50%
Etruscan
49%
Anglo-Saxon
44%
Prussian
44%
Thracian
43%
Dacian
41%
Illyrian
40%
Dalmatian
39%
Pictish
38%
Iberian
36%
Old Slavonic
36%
Phoenician
35%
Saxon
35%
Frankish
34%
Vandalic
33%
Goidelic
32%
Hunnic
31%
Celtiberian
30%
Brittonic
28%
Lusitanian
28%
Mozarabic
28%
Akkala Sámi
27%
Bulgar
26%
Crimean Gothic
25%
Eteocretan
25%
Galician-Portuguese
25%
Sarmatian
24%
Nuragic
23%
Old Ligurian
23%
Burgundian
22%
Basque-Icelandic
21%
Aquitanian
20%
Minoan
20%
Slavic
20%
Old Provençal
19%
Pomeranian
19%
Eteocypriot
18%
Rhaetian
18%
Cumbric
17%
Norn
16%
Oscan
16%
Cuman
15%
Polabian
15%
Knaanic
14%
Old Ruthenian
14%
Pecheneg
14%
Russenorsk
14%
Shuadit
14%
Zarphatic
14%
Catalonic
13%
Judaeo-Aragonese
13%
Judaeo-Piedmontese
13%
Lusitanic
13%
Navarro-Aragonese
13%
Noric
13%
Solombala
13%
Lepontic
12%
Lombardic
12%
Old East Slavic
12%
Old Gutnish
12%
Tartessian
12%
Alanic
11%
Curonian
11%
Suebian
11%
Semigallian
10%
Gallaecian
9%
Liburnian
9%
Anglo-Norman
8%
Lemnian
8%
Sudovian
8%
Selonian
7%
Galindian
6%
Moselle Romance
6%
Slovincian
6%
Buri
2%
No matching quizzes found
Score Distribution
Percent of People with Each Score
Percentile by Number Answered
Your Score History
You have not taken this quiz since the last reset